000 00288nam a22001337a 4500
008 181105b xxu||||| |||| 00| 0 eng d
020 _a9780155066892
041 _aeng
080 _26th
_a371
100 _a46
101 _aEDU
245 _aCollege Reading
_cMaker,J
942 _2udc
_cBK
999 _c51829
_d51829